Score 0/20 Timer 03:00
0 Plays Today
Clue Rung % Correct
Turn off the soundMUTE
96%
It may end a chess gameMATE
94.5%
ConsumesEATS
93.9%
Derbies and sombrerosHATS
93.1%
AbhorHATE
91.6%
Is required toMUST
90.7%
Sculpted headBUST
89.3%
Tool storage areaSHED
87.6%
►Inspirational figure (or rung 1, with the first letter at the end)◄►MUSE◄
86.4%
They're trained in CPREMTS
85.8%
Clue Rung % Correct
►Flightless birds◄►EMUS◄
85.2%
A drummer might keep itBEAT
83.9%
Word before ''man'' or ''seller''BEST
83.7%
It may be plantedSEED
80%
Crystal ball userSEER
72.5%
◄Listen to (or rung 20, with the first letter at the end)►◄HEAR►
66.1%
Former home of the MetsSHEA
65%
[See Rung 15]HEAT
59.6%
Apply [Rung 13] toSEAR
56.5%
◄Flightless bird►◄RHEA►
42.9%

Today's Daily Dose

Missing Word
'T' Pairs

Word Ladder
Game Pieces

Get the Picture
Baseball Movies

Remove Ads.
Support Sporcle.
Get the best of Sporcle when you Go Orange. This ad-free experience offers more features, more stats, and more fun while also helping to support Sporcle. Thank you for becoming a member.

You're not logged in!

Compare scores with friends on all Sporcle quizzes.
OR
Log In

Show Comments

Extras

Top Quizzes Today


Score Distribution

Your Account Isn't Verified!

In order to create a playlist on Sporcle, you need to verify the email address you used during registration. Go to your Sporcle Settings to finish the process.

Report this User

Report this user for behavior that violates our Community Guidelines.

Details: